000 00660nam a2200277Ia 4500
005 20260324135309.0
008 008 260324s9999 xx 000 0 eng d
020 _a9780203739532
037 _aEBOOK
040 _aCRL
040 _beng
040 _cCRL
041 _2eng
041 _aeng
084 _qCRL
100 _aE. Hjorth-Hansen
_91200076
245 0 _aSnow Engineering 2000: Recent Advances and Developments
260 _bTaylor and Francis
260 _c2000
365 _a
365 _b160
856 _uhttp://www.taylorfrancis.com/books/9780203739532
942 _cEBOOK
999 _c1800985
_d1800985